[Event "Berlin Werner Ott op"]
[Site "Berlin"]
[Date "2022.07.09"]
[Round "1"]
[White "Witte, Ronald"]
[Black "Theilig, Reinhard"]
[Result "1-0"]
[WhiteElo "1980"]
[BlackElo "1597"]
[PlyCount "89"]
[EventDate "2022.07.09"]
[EventType "swiss"]
[EventRounds "9"]
[EventCountry "GER"]
[SourceTitle "CBM 209 Extra"]
[Source "ChessBase"]
[SourceDate "2022.09.30"]
[SourceVersion "1"]
[SourceVersionDate "2022.09.30"]
[SourceQuality "1"]

1. d4 d6 2. Nf3 Nf6 3. c4 g6 4. Nc3 Bg7 5. e4 0-0 6. Be2 e5 7. 0-0 exd4 8. Nxd4 Re8 9. f3 Nc6 10. Be3 a6 11. Qd2 Nh5 12. Rfd1 Nxd4 13. Bxd4 Bxd4+ 14. Qxd4 Qg5 15. Bf1 Nf4 16. Nd5 Nxd5 17. cxd5 Bd7 18. Rac1 c5 19. dxc6 Bxc6 20. Qxd6 Qe3+ 21. Kh1 Rad8 22. Qf6 Rd2 23. Bc4 Rf8 24. Rxd2 Qxd2 25. Qc3 Rd8 26. Qxd2 Rxd2 27. b4 b5 28. Bb3 Be8 29. h3 Rd4 30. Rc8 Kf8 31. Ra8 Rxb4 32. Rxa6 Rd4 33. Ra7 b4 34. Kg1 Rd7 35. Ra8 Ke7 36. Rxe8+ Kxe8 37. Ba4 Ke7 38. Bxd7 Kxd7 39. Kf2 Kc6 40. Ke3 Kc5 41. Kd3 f6 42. f4 h6 43. e5 fxe5 44. fxe5 Kd5 45. e6 1-0

[Event "Berlin Lichtenberger op 18th"]
[Site "Berlin"]
[Date "2019.08.18"]
[Round "2"]
[White "Bade, Heidrun"]
[Black "Theilig, Reinhard"]
[Result "1-0"]
[WhiteElo "1783"]
[BlackElo "1560"]
[PlyCount "47"]
[EventDate "2019.08.17"]
[EventType "swiss"]
[EventRounds "9"]
[EventCountry "GER"]
[SourceTitle "EXT 2020"]
[Source "ChessBase"]
[SourceDate "2019.10.17"]
[SourceVersion "1"]
[SourceVersionDate "2019.10.17"]
[SourceQuality "1"]

1. e4 d6 2. d4 Nf6 3. Nc3 g6 4. Bc4 Bg7 5. Nge2 0-0 6. 0-0 Nxe4 7. Nxe4 d5 8. Bd3 dxe4 9. Bxe4 c6 10. c3 Nd7 11. Bf4 Nf6 12. Bc2 Be6 13. Be5 Rc8 14. Nf4 Bg4 15. f3 Bd7 16. Re1 g5 17. Qd3 Ne4 18. Bxg7 Kxg7 19. Qxe4 Rh8 20. Qe5+ Kh6 21. Nh3 e6 22. f4 f6 23. fxg5+ fxg5 24. Nf2 1-0

[Event "Berlin Lichtenberger op 18th"]
[Site "Berlin"]
[Date "2019.08.17"]
[Round "1"]
[White "Theilig, Reinhard"]
[Black "Metzinger, Hannes"]
[Result "0-1"]
[WhiteElo "1560"]
[BlackElo "1917"]
[PlyCount "78"]
[EventDate "2019.08.17"]
[EventType "swiss"]
[EventRounds "9"]
[EventCountry "GER"]
[SourceTitle "EXT 2020"]
[Source "ChessBase"]
[SourceDate "2019.10.17"]
[SourceVersion "1"]
[SourceVersionDate "2019.10.17"]
[SourceQuality "1"]

1. Nf3 Nf6 2. c4 c5 3. g3 d5 4. cxd5 Nxd5 5. Bg2 Nc6 6. 0-0 e5 7. Nc3 Nc7 8. d3 Be7 9. b3 0-0 10. Bb2 f6 11. Rc1 Bd7 12. Na4 b6 13. Nd2 Rc8 14. a3 Ne6 15. Bd5 Kh8 16. Nc3 Re8 17. Bg2 Bf8 18. Nce4 Ned4 19. e3 Nb5 20. Nc3 Nxc3 21. Bxc3 Be6 22. Nc4 Re7 23. Be4 b5 24. Nb2 Qe8 25. Qf3 Bxb3 26. d4 Nxd4 27. exd4 exd4 28. Bxd4 Rxe4 29. Bxf6 Bd5 30. Qf5 Bb7 31. Bc3 b4 32. axb4 cxb4 33. Bd2 Re2 34. Nc4 Qe4 35. Qxe4 Bxe4 36. Be3 Rc2 37. Rxc2 Bxc2 38. Ne5 b3 39. Bxa7 b2 0-1

[Event "Berlin-ch Seniors op 33rd"]
[Site "Berlin"]
[Date "2017.01.31"]
[Round "1"]
[White "Theilig, Reinhard"]
[Black "Kleinert, Michael"]
[Result "0-1"]
[WhiteElo "1615"]
[BlackElo "1888"]
[PlyCount "36"]
[EventDate "2017.01.31"]
[EventType "swiss"]
[EventRounds "9"]
[EventCountry "GER"]
[SourceTitle "EXT 2019"]
[Source "ChessBase"]
[SourceDate "2018.10.10"]
[SourceVersion "1"]
[SourceVersionDate "2018.10.10"]
[SourceQuality "1"]

1. Nf3 f5 2. g3 Nf6 3. Bg2 d6 4. c4 e5 5. d3 Be7 6. 0-0 0-0 7. Nc3 Na6 8. a3 c6 9. b4 Nc7 10. c5 Qe8 11. Bg5 Kh8 12. cxd6 Bxd6 13. Bxf6 Rxf6 14. e4 f4 15. d4 fxg3 16. hxg3 Bg4 17. Qd2 Bxf3 18. Bxf3 Rxf3 0-1

[Event "Berlin Eckbauer op 18th"]
[Site "Berlin"]
[Date "2015.11.09"]
[Round "5"]
[White "Theilig, Reinhard"]
[Black "Poecheim, Stephan"]
[Result "1/2-1/2"]
[WhiteElo "1627"]
[BlackElo "1630"]
[PlyCount "81"]
[EventDate "2015.10.05"]
[EventType "swiss"]
[EventRounds "7"]
[EventCountry "GER"]
[SourceTitle "EXT 2022"]
[Source "ChessBase"]
[SourceDate "2021.10.06"]
[SourceVersion "1"]
[SourceVersionDate "2021.10.06"]
[SourceQuality "1"]

1. Nf3 Nf6 2. c4 g6 3. b4 Bg7 4. Bb2 0-0 5. g3 d6 6. Bg2 e5 7. d3 Nh5 8. e4 f5 9. exf5 Bxf5 10. Nh4 Qf6 11. Nxf5 Qxf5 12. 0-0 Qc8 13. Nc3 c6 14. b5 Nf6 15. Qb3 Kh8 16. Rab1 Qd7 17. Bc1 Rf7 18. Bg5 a5 19. a4 h6 20. Bxf6 Bxf6 21. bxc6 Nxc6 22. Nd5 Bd8 23. Nb6 Bxb6 24. Qxb6 Nb4 25. Qe3 Kg7 26. c5 Re7 27. cxd6 Qxd6 28. Rfd1 Rd8 29. d4 Nc2 30. Qd3 Nxd4 31. Bxb7 Rb8 32. Be4 Rb4 33. Rxb4 Qxb4 34. Bxg6 Qxa4 35. Bh5 Qc6 36. Qa3 Ra7 37. Rc1 Qb6 38. Rc8 Qf6 39. Rc5 Qe7 40. Rxa5 Rxa5 41. Qxa5 1/2-1/2

[Event "Berlin-ch Seniors op 31st"]
[Site "Berlin"]
[Date "2015.01.30"]
[Round "2"]
[White "Krueger, Detlef"]
[Black "Theilig, Reinhard"]
[Result "1-0"]
[WhiteElo "1654"]
[BlackElo "1489"]
[PlyCount "63"]
[EventDate "2015.01.29"]
[EventType "swiss"]
[EventRounds "9"]
[EventCountry "GER"]
[SourceTitle "EXT 2018"]
[Source "ChessBase"]
[SourceDate "2017.10.13"]
[SourceVersion "1"]
[SourceVersionDate "2017.10.13"]
[SourceQuality "1"]

1. e4 d6 2. d4 Nf6 3. Nc3 g6 4. Bg5 Bg7 5. e5 dxe5 6. dxe5 Qxd1+ 7. Rxd1 Nfd7 8. Nd5 Bxe5 9. Nxe7 Nc6 10. Nxc6 bxc6 11. c3 Rb8 12. Nf3 Bg7 13. Rd2 0-0 14. Bf4 Re8+ 15. Be2 Ba6 16. Be3 Bc8 17. 0-0 Ne5 18. Rfd1 Bg4 19. h3 Bxf3 20. gxf3 c5 21. f4 Nc6 22. Bf3 Na5 23. Bxc5 Nc4 24. Rd7 Nxb2 25. Rb1 Bxc3 26. Bd5 Re1+ 27. Rxe1 Bxe1 28. Bxf7+ Kg7 29. Bb3+ Kh6 30. Bd4 Bxf2+ 31. Kxf2 Nd3+ 32. Ke3 1-0

[Event "Berlin Lichtenberger op 13th"]
[Site "Berlin"]
[Date "2014.08.18"]
[Round "3"]
[White "Schindler, Rudolf"]
[Black "Theilig, Reinhard"]
[Result "1-0"]
[WhiteElo "1846"]
[BlackElo "1675"]
[PlyCount "79"]
[EventDate "2014.08.16"]
[EventType "swiss"]
[EventRounds "9"]
[EventCountry "GER"]
[SourceTitle "CBM 161 Extra"]
[Source "ChessBase"]
[SourceDate "2014.08.29"]
[SourceVersion "1"]
[SourceVersionDate "2014.08.29"]
[SourceQuality "1"]

1. Nf3 d6 2. b3 Nf6 3. g3 g6 4. Bb2 Bg7 5. Bg2 0-0 6. 0-0 c5 7. c4 Nc6 8. d3 Rb8 9. Nc3 Bd7 10. e3 Qc8 11. Re1 Bg4 12. Qb1 a6 13. Nd5 b5 14. cxb5 Rxb5 15. Nf4 e5 16. Ne2 e4 17. Nd2 exd3 18. Qxd3 Rd8 19. Nc3 Ne5 20. Qf1 Rb8 21. Rac1 Qe6 22. f3 c4 23. fxg4 Nd3 24. Nxc4 Nxc1 25. Bxc1 Nxg4 26. Bd5 Qf6 27. Bb2 Qxf1+ 28. Rxf1 Nf6 29. Bxf7+ Kxf7 30. Nd5 Ke6 31. Bxf6 Bxf6 32. Nxf6 d5 33. Nb2 Rb7 34. Nd3 Rc8 35. e4 dxe4 36. Nxe4 Ke7 37. Ne5 Ke6 38. Nc4 Ke7 39. Ned6 Rxc4 40. Nxc4 1-0

[Event "Berlin Lichtenberger op 13th"]
[Site "Berlin"]
[Date "2014.08.16"]
[Round "1"]
[White "Hoermann, David"]
[Black "Theilig, Reinhard"]
[Result "1-0"]
[WhiteElo "1983"]
[BlackElo "1675"]
[PlyCount "85"]
[EventDate "2014.08.16"]
[EventType "swiss"]
[EventRounds "9"]
[EventCountry "GER"]
[SourceTitle "CBM 161 Extra"]
[Source "ChessBase"]
[SourceDate "2014.08.29"]
[SourceVersion "1"]
[SourceVersionDate "2014.08.29"]
[SourceQuality "1"]

1. e4 d6 2. d4 Nf6 3. Nc3 g6 4. Bc4 Bg7 5. Be3 0-0 6. f3 c6 7. Qd2 b5 8. Bb3 a5 9. a4 b4 10. Nce2 Ba6 11. g4 Nbd7 12. Bh6 Bxh6 13. Qxh6 Kh8 14. h4 Ng8 15. Qe3 e6 16. g5 Ne7 17. h5 Kg7 18. Qf2 d5 19. Qh4 Rh8 20. h6+ Kf8 21. Qf4 Qb8 22. Nh3 Bxe2 23. Kxe2 Qxf4 24. Nxf4 Rb8 25. Nd3 Nc8 26. Rab1 Nd6 27. Ke3 Ke7 28. c3 bxc3 29. bxc3 Nc4+ 30. Bxc4 dxc4 31. Nf2 Rb3 32. Rxb3 cxb3 33. Rb1 Rb8 34. Nd3 Nb6 35. Nc5 b2 36. Kd3 Nd7 37. Nxd7 Kxd7 38. Kc2 Kd6 39. Rxb2 Rxb2+ 40. Kxb2 c5 41. Kb3 cxd4 42. cxd4 e5 43. d5 1-0

[Event "Berlin-ch Seniors op 30th"]
[Site "Berlin"]
[Date "2014.02.05"]
[Round "7"]
[White "Theilig, Reinhard"]
[Black "Kolkwitz, Klaus"]
[Result "1-0"]
[WhiteElo "1460"]
[BlackElo "1720"]
[PlyCount "59"]
[EventDate "2014.01.30"]
[EventType "swiss"]
[EventRounds "9"]
[EventCountry "GER"]
[SourceTitle "EXT 2018"]
[Source "ChessBase"]
[SourceDate "2017.10.13"]
[SourceVersion "1"]
[SourceVersionDate "2017.10.13"]
[SourceQuality "1"]

1. Nf3 g6 2. c4 d6 3. g3 c6 4. Bg2 Bg7 5. 0-0 Nf6 6. d3 0-0 7. Nbd2 e5 8. Rb1 Na6 9. b4 Nc7 10. Bb2 Ne6 11. c5 dxc5 12. Bxe5 cxb4 13. Rxb4 Nd5 14. Rb3 Bxe5 15. Nxe5 Nd4 16. Rb2 Nc3 17. Qe1 Re8 18. Ndc4 Ncxe2+ 19. Rxe2 Nxe2+ 20. Qxe2 f6 21. Nxc6 bxc6 22. Qc2 Bd7 23. Nd6 Re6 24. Qc4 Kg7 25. Nb7 Qc7 26. Nc5 Rd6 27. Re1 Kf8 28. Qf4 Rc8 29. Qh6+ Kg8 30. Re7 1-0

[Event "Berlin Lichtenberger op 12th"]
[Site "Berlin"]
[Date "2013.08.25"]
[Round "9"]
[White "Theilig, Reinhard"]
[Black "Knauer, Frank"]
[Result "0-1"]
[WhiteElo "1713"]
[BlackElo "1846"]
[PlyCount "90"]
[EventDate "2013.08.17"]
[EventType "swiss"]
[EventRounds "9"]
[EventCountry "GER"]
[SourceTitle "CBM 156 Extra"]
[Source "ChessBase"]
[SourceDate "2013.10.22"]
[SourceVersion "1"]
[SourceVersionDate "2013.10.22"]
[SourceQuality "1"]

1. Nf3 d6 2. c4 Nf6 3. g3 g6 4. Nc3 Bg7 5. Bg2 0-0 6. 0-0 Nbd7 7. Qc2 e5 8. d3 a5 9. Bd2 Nc5 10. d4 Bf5 11. Qc1 Nce4 12. dxe5 dxe5 13. Nxe4 Nxe4 14. Bh6 Qf6 15. Bxg7 Kxg7 16. Nh4 Rfd8 17. Nxf5+ Qxf5 18. Qe3 Nd2 19. Rfc1 c6 20. b3 f6 21. Rc3 Rd4 22. Rd3 Rad8 23. Rxd4 Rxd4 24. Rc1 a4 25. h3 h5 26. Kh2 g5 27. c5 axb3 28. axb3 h4 29. g4 Qf4+ 30. Qxf4 Rxf4 31. Kg1 Nxb3 32. e3 Nxc1 33. exf4 Nd3 34. fxe5 fxe5 35. Be4 Nxc5 36. Bc2 Kf6 37. f3 e4 38. Kf2 Ke5 39. Ke3 exf3 40. Bd1 f2 41. Kxf2 Kd4 42. Kf3 b5 43. Bc2 b4 44. Bf5 Nd3 45. Bd7 Ne5+ 0-1